000 00679nam a2200289Ia 4500
005 20260324120056.0
008 008 260324s9999 xx 000 0 eng d
020 _a9781315728490
037 _aEBOOK
040 _aCRL
040 _beng
040 _cCRL
041 _2eng
041 _aeng
084 _qCRL
100 _aPaul Holmes
_91157136
245 4 _aThe Inner World Outside
245 0 _bObject Relations Theory and Psychodrama
260 _bTaylor and Francis
260 _c2015
365 _a
365 _b255
856 _uhttp://www.taylorfrancis.com/books/9781315728490
942 _cEBOOK
999 _c1748456
_d1748456